<?xml version="1.0" encoding="UTF-8"?>
<record
    xmlns:xsi="http://www.w3.org/2001/XMLSchema-instance"
    xsi:schemaLocation="http://www.loc.gov/MARC21/slim http://www.loc.gov/standards/marcxml/schema/MARC21slim.xsd"
    xmlns="http://www.loc.gov/MARC21/slim">

  <leader>01785    a2200205   4500</leader>
  <datafield tag="999" ind1=" " ind2=" ">
    <subfield code="c">26617</subfield>
    <subfield code="d">26617</subfield>
  </datafield>
  <controlfield tag="008">230621b           ||||| |||| 00| 0 eng d</controlfield>
  <datafield tag="020" ind1=" " ind2=" ">
    <subfield code="a">9789353069735</subfield>
    <subfield code="c">Rs475.00</subfield>
  </datafield>
  <datafield tag="041" ind1="0" ind2=" ">
    <subfield code="a">eng</subfield>
  </datafield>
  <datafield tag="082" ind1="0" ind2="0">
    <subfield code="a">658.5</subfield>
    <subfield code="b">M9781</subfield>
  </datafield>
  <datafield tag="100" ind1=" " ind2=" ">
    <subfield code="a">Murphy, Paul R.</subfield>
    <subfield code="9">5517</subfield>
  </datafield>
  <datafield tag="245" ind1=" " ind2=" ">
    <subfield code="a">Contemporary Logistics /</subfield>
  </datafield>
  <datafield tag="250" ind1=" " ind2=" ">
    <subfield code="a">12th ed.</subfield>
  </datafield>
  <datafield tag="260" ind1=" " ind2=" ">
    <subfield code="a">Noida:</subfield>
    <subfield code="b">Pearson india education services,</subfield>
    <subfield code="c">2022.</subfield>
  </datafield>
  <datafield tag="300" ind1=" " ind2=" ">
    <subfield code="a">312 p. :</subfield>
    <subfield code="b">ill. ;</subfield>
    <subfield code="c">26 cm</subfield>
  </datafield>
  <datafield tag="505" ind1="0" ind2=" ">
    <subfield code="a">"Part I: An Overview of Logistics 1. An Overview of Logistics 2. Logistics and Information Technology 3. Strategic and Financial Logistics 4. Organizational and Managerial Issues in Logistics Part II: Supply Chain Management 5. The Supply Chain Management Concept 6. Procurement Part III: Elements of Logistics Systems 7. Demand Management, Ordered Management, and Customer Service 8. Inventory Management 9. Facility Location 10. Warehousing Management 11. Packaging and Materials Handling 12. Transportation 13. Transportation Management 14. International Logistics "</subfield>
  </datafield>
  <datafield tag="520" ind1=" " ind2=" ">
    <subfield code="a">Numerous relevant, real-world examples spark and hold student interest. The humorous side of logistics and supply chain management is exemplified in the authors' conversational writing style. NEW! The end-of-chapter cases such as The Adelaide Dairy Company, Fresh Produce Cross-docking Facility, All-Indian Logistics Services and others help students learn the concepts through business situations that include national and international challenges. Fresh insights and perspectives provided by reviewers, adopters, and others&#x2014;coupled with the expertise of new coauthor A. Michael Knemeyer&#x2014;keeps the text fresh and up-to-date. "
</subfield>
  </datafield>
  <datafield tag="650" ind1=" " ind2="0">
    <subfield code="a">Business Logistics</subfield>
  </datafield>
  <datafield tag="700" ind1=" " ind2=" ">
    <subfield code="9">5518</subfield>
    <subfield code="a">Knemeyer, A. Michael</subfield>
  </datafield>
  <datafield tag="942" ind1=" " ind2=" ">
    <subfield code="2">ddc</subfield>
    <subfield code="c">BK</subfield>
  </datafield>
  <datafield tag="952" ind1=" " ind2=" ">
    <subfield code="0">0</subfield>
    <subfield code="1">0</subfield>
    <subfield code="2">ddc</subfield>
    <subfield code="4">0</subfield>
    <subfield code="6">658_500000000000000_M9781</subfield>
    <subfield code="7">0</subfield>
    <subfield code="9">51339</subfield>
    <subfield code="a">CL</subfield>
    <subfield code="b">CL</subfield>
    <subfield code="c">REF</subfield>
    <subfield code="d">2023-06-21</subfield>
    <subfield code="e">4</subfield>
    <subfield code="g">356.01</subfield>
    <subfield code="o">658.5 M9781</subfield>
    <subfield code="p">14040</subfield>
    <subfield code="r">2023-06-21</subfield>
    <subfield code="v">475.00</subfield>
    <subfield code="y">BK</subfield>
  </datafield>
  <datafield tag="952" ind1=" " ind2=" ">
    <subfield code="0">0</subfield>
    <subfield code="1">0</subfield>
    <subfield code="2">ddc</subfield>
    <subfield code="4">0</subfield>
    <subfield code="6">658_500000000000000_M9781</subfield>
    <subfield code="7">0</subfield>
    <subfield code="9">51340</subfield>
    <subfield code="a">CL</subfield>
    <subfield code="b">CL</subfield>
    <subfield code="d">2023-06-21</subfield>
    <subfield code="e">4</subfield>
    <subfield code="g">356.01</subfield>
    <subfield code="l">3</subfield>
    <subfield code="o">658.5 M9781</subfield>
    <subfield code="p">14041</subfield>
    <subfield code="r">2025-08-20</subfield>
    <subfield code="s">2025-08-05</subfield>
    <subfield code="v">475.00</subfield>
    <subfield code="y">BK</subfield>
  </datafield>
  <datafield tag="952" ind1=" " ind2=" ">
    <subfield code="0">0</subfield>
    <subfield code="1">0</subfield>
    <subfield code="2">ddc</subfield>
    <subfield code="4">0</subfield>
    <subfield code="6">658_500000000000000_M9781</subfield>
    <subfield code="7">0</subfield>
    <subfield code="9">51341</subfield>
    <subfield code="a">CL</subfield>
    <subfield code="b">CL</subfield>
    <subfield code="d">2023-06-21</subfield>
    <subfield code="e">4</subfield>
    <subfield code="g">356.01</subfield>
    <subfield code="l">1</subfield>
    <subfield code="o">658.5 M9781</subfield>
    <subfield code="p">14042</subfield>
    <subfield code="r">2025-12-19</subfield>
    <subfield code="s">2023-08-07</subfield>
    <subfield code="v">475.00</subfield>
    <subfield code="y">BK</subfield>
  </datafield>
</record>
